Introducción al estructuralismo en la literatura / (Record no. 139925)

MARC details
000 -LEADER
campo de control de longitud fija 00702nam a2200205 4500
001 - NÚMERO DE CONTROL
campo de control 139925
003 - IDENTIFICADOR DE NÚMERO DE CONTROL
campo de control ES-MaACL
005 - FECHA Y HORA DE LA ÚLTIMA TRANSACCIÓN
campo de control 20230906195940.0
007 - CAMPO FIJO DE DESCRIPCIÓN FÍSICA--INFORMACIÓN GENERAL
campo de control de longitud fija t|
008 - DATOS DE LONGITUD FIJA--INFORMACIÓN GENERAL
campo de control de longitud fija 070214s1981 sp r ||||1| spa d
100 1# - ENTRADA PRINCIPAL--NOMBRE DE PERSONA
Nombre de persona Scholes, Robert.
9 (RLIN) 104629
245 10 - MENCIÓN DEL TÍTULO
Título Introducción al estructuralismo en la literatura /
Mención de responsabilidad, etc. Robert Scholes ; versión de Carlos Martín Baró.
260 ## - PUBLICACIÓN, DISTRIBUCIÓN, ETC.
Lugar de publicación, distribución, etc. [S.l.] :
Nombre del editor, distribuidor, etc. Madrid,
Fecha de publicación, distribución, etc. Gredos (
Fabricante 1981)
300 ## - DESCRIPCIÓN FÍSICA
Extensión 308 p. ;
Dimensiones 19 cm.
490 1# - MENCIÓN DE SERIE
Mención de serie Biblioteca universitaria Gredos. Manuales ;
Designación de volumen o secuencia 18
700 1# - ENTRADA AGREGADA--NOMBRE PERSONAL
Nombre de persona Martín Baró, Carlos.
9 (RLIN) 77407
830 0# - PUNTO DE ACCESO ADICIONAL DE SERIE-TÍTULO UNIFORME
Título uniforme Biblioteca universitaria Gredos. Manuales ;
Designación de volumen o secuencia 18
9 (RLIN) 187161
852 ## - LOCALIZACIÓN
Ubicación ES-MaACL
Número de control de estantería L-1729
Sublocalización o colección R.102061
Holdings
Estatus retirado Estado de pérdida Estado de daño No para préstamo Biblioteca de origen Biblioteca actual Ubicación en estantería Fecha de adquisición Fuente de adquisición Total de préstamos Signatura topográfica completa Código de barras Visto por última vez Precio de reemplazo Tipo de ítem Koha
        Biblioteca del Ateneo de Madrid Biblioteca del Ateneo de Madrid Depósito 2 17/01/2008     L-1729 1145609 23/02/2023 23/02/2023 Libro impreso